00763nam a2200181 a 4500003000200000005001700002008004100019050003300060100002600093245009900119260009300218300004600311504003900357650004300396650004500439650003300484650006400517020250304111020.0090707s19uu xx 00 eng d aPGS LC 225.3.P37b.T161 2009 aTan, Mitzi Jonelle L. aAcademic performance of students with working and non-working parents /cMitzi Jonelle L. Tan. aLas Piñas City, Philippines : bSouthville International School and Colleges, c2009. a32 pages : billustrations ; c28 cm.  aIncludes bibliographic references. aAcademic achievementvSocial aspects.  aParental employmentvEducational impact. aEducationvHome influences . aStudentsvPerformance in Mathematics, English, and Science.